000 00794cam a2200241 a 4500
003 OSt
005 20171020203856.0
008 070802s2008 enk 001 0 eng
020 _a9780199279425
040 _aDLC
_cDLC
_dDLC
082 0 0 _a341.48
_222
_bSTE
100 1 _aSteiner, Henry J.
_9258
245 1 0 _aInternational Human Rights in Context :
_blaw, politics, morals : text and materials /
_c Henry J. Steiner, Philip Alston, Ryan Goodman.
250 _a3rd ed.
260 _aOxford, UK :
_aNew York :
_bOxford University Press,
_c2008.
300 _axxxix, 1492 p. ;
_c25 cm.
504 _aIncludes index.
650 0 _aHuman rights.
_9259
650 0 _aHuman rights
_xMoral and ethical aspects.
_9260
700 1 _aAlston, Philip.
_9261
700 1 _aGoodman, Ryan.
_9262
942 _2ddc
_cBK
999 _c95
_d95